Un lugar para el cine (Record no. 13920)

MARC details
000 -LEADER
campo de control de longitud fija 00847nam a2200229 i 4500
001 - NÚMERO DE CONTROL
campo de control 13920
003 - IDENTIFICADOR DE NÚMERO DE CONTROL
campo de control ES-MaACL
005 - FECHA Y HORA DE LA ÚLTIMA TRANSACCIÓN
campo de control 20250814084822.0
007 - CAMPO FIJO DE DESCRIPCIÓN FÍSICA--INFORMACIÓN GENERAL
campo de control de longitud fija t|
008 - DATOS DE LONGITUD FIJA--INFORMACIÓN GENERAL
campo de control de longitud fija 970724b1996 sp a 001 0 spa
020 ## - NÚMERO INTERNACIONAL ESTÁNDAR DEL LIBRO
Número Internacional Estándar del Libro 84-87991-04-1
080 ## - NÚMERO DE LA CLASIFICACIÓN DECIMAL UNIVERSAL
Número de la Clasificación Decimal Universal 791.43(460.27 Colmenar Viejo)(091)
100 1# - ENTRADA PRINCIPAL--NOMBRE DE PERSONA
Nombre de persona Matellano García, Víctor.
9 (RLIN) 78935
245 13 - MENCIÓN DEL TÍTULO
Título Un lugar para el cine
Resto del título : Colmenar Viejo y la industria cinematográfica /
Mención de responsabilidad, etc. Víctor Matellano García ; prólogo, Paul Naschy.
260 ## - PUBLICACIÓN, DISTRIBUCIÓN, ETC.
Lugar de publicación, distribución, etc. [Colmenar Viejo] :
Nombre del editor, distribuidor, etc. Ayuntamiento de Colmenar Viejo, Delegación de Cultura,
Fecha de publicación, distribución, etc. 1996.
300 ## - DESCRIPCIÓN FÍSICA
Extensión 161 p. :
Otras características físicas il ;
Dimensiones 22 cm.
650 #4 - PUNTO DE ACCESO ADICIONAL DE MATERIA--TÉRMINO DE MATERIA
Término de materia o nombre geográfico como elemento de entrada Cine-
Subdivisión geográfica Colmenar Viejo
9 (RLIN) 11018
700 1# - ENTRADA AGREGADA--NOMBRE PERSONAL
Nombre de persona Naschy, Paul.
9 (RLIN) 84960
710 1# - ENTRADA AGREGADA--NOMBRE DE ENTIDAD CORPORATIVA
Nombre de entidad corporativa o nombre de jurisdicción como elemento de entrada Colmenar Viejo.
Unidad subordinada Ayuntamiento.
9 (RLIN) 2997
852 ## - LOCALIZACIÓN
Ubicación ES-MaACL
Número de control de estantería L-21218
Nota libre - Dedicatoria autógrafa del autor
Holdings
Estatus retirado Estado de pérdida Estado de daño No para préstamo Biblioteca de origen Biblioteca actual Ubicación en estantería Fecha de adquisición Fuente de adquisición Total de préstamos Signatura topográfica completa Código de barras Visto por última vez Precio de reemplazo Tipo de ítem Koha
        Biblioteca del Ateneo de Madrid Biblioteca del Ateneo de Madrid Depósito 2 17/01/2008     L-21218 1014164 23/02/2023 23/02/2023 Libro impreso